000 00662nam a2200241Ia 4500
003 OSt
005 20220918201309.0
006 a|||||r|||| 00| 0
007 ta
008 220917b |||||||| |||| 00| 0 eng d
024 _a92,972
037 _cTextual
040 _aARTS
_cARTS
_beng
041 _2eng
_aeng
082 _aV1N14, K7;1
100 _aGeiss Imanuel Ed.
_998014
245 0 _aJul-14
_b the out break of the first world war ; selected documents
260 _aLondon
_bB T Batsford Ltd UK
_c1967
300 _a400p
_ccm.
650 _aHISTORY
942 _hV1N14, K7;1
_cTEXL
_2CC
999 _c216620
_d216620